Postacie historyczne #7 - Statystyki

Ogólne statystyki
  • Ten quiz został rozwiązany 55 razy
  • Średni wynik to 4 z 20
Statystyki odpowiedzi
Hint Odpowiedź % Poprawnych
Francuska bohaterka narodowa, oswobodziła oblegany przez wojska angielskie Orlean Joanna d’Arc
88%
Zamach na niego był bezpośrednią przyczyną wybuchu I wojny światowej Franciszek Ferdynand
69%
Twórca układu okresowego pierwiastków chemicznych Dmitrij Mendelejew
40%
Reformator religijny, zginął spalony na stosie podczas soboru w Konstancji Jan Hus
35%
Marszałek francuski, szef rządu Vichy Philippe Petain
21%
Afroamerykańska działaczka na rzecz praw człowieka, uznawana za symbol walki z segregacją rasową Rosa Parks
21%
Jego imię tłumaczy się jako Mesjasz, przywódca powstania sudańskiego Mahdi
19%
Angielski filozof, twórca klasycznej postaci empiryzmu i liberalizmu John Locke
15%
Rzymski cesarz, utworzył wiele nowych prowincji (Dacja, Partia, Armenia, Mezopotamia, Asyria), znany jako Optimus Princeps Trajan
15%
Faraon, który podjął próbę wprowadzenia religii monoteistycznej w Egipcie Amenhotep IV
12%
Ostatni wybitny władca asyryjski, założyciel słynnej biblioteki w Niniwie Asurbanipal
12%
"Hiszpański malarz, namalował m.in. "Rozstrzelanie powstańców madryckich" Francisco Goya
10%
Generał Armii Stanów Skonfederowanych w czasie trwania wojny secesyjnej Robert E. Lee
10%
Pierwszy król zjednoczonych Włoch Wiktor Emanuel II
8%
Ateński wódz i polityk z okresu wojny peloponeskiej, był jednym z dowódców wyprawy sycylijskiej Alkibiades
6%
Bizantyjski cesarz, pokonał Persów, utracił Palestynę i Syrię na rzecz Arabów Herakliusz
4%
Rosyjski premier, stosował krwawy terror w walce z rewolucją Piotr Stołypin
4%
Władca ruski z dynastii Rurykowiczów, wprowadził chrześcijaństwo na Rusi Włodzimierz I Wielki
4%
Amerykański pionier lotnictwa, wsławiony pierwszym samolotowym samotnym przelotem między lądem Ameryki Północnej a Europą Charles Lindbergh
2%
Drugi z „trzech zjednoczycieli Japonii”, siogun, twórca silnej organizacji feudalnej opartej na dyktaturze wojsk Toyotomi Hideyoshi
0%
Nie znaleziono quizów pasujących do podanych kryteriów
Rozkład punktacji
Procent ludzi z każdym wynikiem
Percentyl według liczby udzielonych odpowiedzi
Twoja historia wyników
Nie rozwiązałeś tego quizu